00237nam a2200097Ia 4500008004100000020001300041100002100054245001700075260003000092300001700122180219s9999 xx 000 0 und d a71212205 aPenney, David G. aPhysiology / aUSA :bMc graw hillc2004 av, 278 pages